000 00539nam a2200181Ia 4500
003 GCL
008 140319s9999 xx 000 0 ara d
040 _aGCL /
_cGCL
082 0 4 _a205.7
_bع خ
100 1 _aعبدالمنعم النمر
245 1 0 _aخواطر من الدين والحياه /
_cعبدالمنعم النمر
260 _a[S.N] :
_bدار الكتاب اللبنانى ،
_c1973
300 _a320
490 _a
650 0 4 _aالفكر الاسلامى
650 0 4 _aالدين والحياة
942 _2ddc
_cBK
999 _c52405
_d52405